Príspevky z európskych štrukturálnych a investičných fondov

Zámer zmeny zákona č. 292/2014 Z. z. o príspevku poskytovanom z európskych štrukturálnych a investičných fondov. Európske štrukturálne a investičné fondy - ktoré ich tvoria a príspevky. Národné projekty. Ochrana finančných záujmov Európskej únie. Účtovníctvo a evidencia prijímateľa a partnera. Vyspo...

Descrizione completa

Salvato in:
Dettagli Bibliografici
Autore principale: Kevula, Jozef
Natura: Capitolo di libro
Lingua:slovacco
Soggetti:
Tags: Aggiungi Tag
Nessun Tag, puoi essere il primo ad aggiungerne!!

MARC

LEADER 00000naa a2200000 4500
001 0238321
005 20171220093454.7
041 0 |a slo 
044 |a SK 
245 1 0 |a Príspevky z európskych štrukturálnych a investičných fondov  |c Jozef Kevula 
520 |a Zámer zmeny zákona č. 292/2014 Z. z. o príspevku poskytovanom z európskych štrukturálnych a investičných fondov. Európske štrukturálne a investičné fondy - ktoré ich tvoria a príspevky. Národné projekty. Ochrana finančných záujmov Európskej únie. Účtovníctvo a evidencia prijímateľa a partnera. Vysporiadanie finančných vzťahov v rámci Európskeho poľnohospodárskeho fondu pre rozvoj vidieka. 
610 2 0 |a fondy štruktúrne 
610 2 0 |a fondy investičné 
610 2 0 |a fondy Európskej únie 
610 2 0 |a financovanie projektové 
610 2 0 |a projekty 
610 2 0 |a účtovníctvo 
610 2 0 |a evidencia 
610 2 0 |a Európska únia 
610 2 0 |a Slovensko 
100 1 |a Kevula, Jozef